000 00543nam a2200193 a 4500
005 20140310183349.0
008 061129s19uu xx 00 eng d
020 _a81-7880-183-3
050 _aBJ 1521
_b.B575 2005
100 _aBhatia, Arun
245 _aEthics of modern communication.
260 _aNew Delhi, India :
_bRajat Publications,
_c2005.
300 _a279 p. :
_c23 cm.
650 _aMass Communication.
650 _aJournalism ethics.
650 _aMedia communications ethics.
942 _cBK
_2lcc
_kFOR
999 _c22024
_d22024